[Event "10th KiiT Festival 2017"]
[Site "Bhubaneshwar"]
[Date "2017.05.31"]
[Round "8"]
[White "Manish Anto Cristiano F"]
[Black "Akash Pc, Iyer"]
[Result "0-1"]
[WhiteElo "1944"]
[BlackElo "2282"]
[Annotator "TA"]
[PlyCount "84"]
[EventDate "2017.05.26"]
[EventType "swiss"]
[EventCountry "IND"]
[SourceTitle "playchess.com"]
[Source "ChessBase"]
[SourceQuality "1"]

{[%evp 12,84,14,0,16,0,0,-8,0,-21,-21,-21,-13,-17,-19,-25,-27,-13,-19,-22,-19,-11,-3,-22,-29,-64,-43,-37,-36,-40,-8,-73,-77,-97,-92,-95,-94,-112,-87,-170,-170,-170,-170,-179,-170,-192,-187,-255,-263,-322,-322,-300,-260,-253,-237,-1193,-1245,-29963,-29962,-29969,-29951,-5373,-5365,-29968,-1185,-29986,-1429,-1247,-1209,-29975,-29976,-29965,-29969,-29962,-29963]} 1. e4 Nc6 2. Nc3 e5 3. Bc4 Bb4 (3... Nf6 4. d3 Na5 5. Nge2 Nxc4 6. dxc4 Bc5 7. O-O d6 8. Qd3 O-O 9. Be3 Nd7 10. Ng3 a5 11. b3 h6 12. Rad1 Re8 13. Nd5 c6 14. Nc3 Bxe3 15. Qxe3 Nc5 16. Rd2 {1-0 (63) Nakamura,H (2787)-Carlsen,M (2853) chess.com INT 2016}) 4. a3 Bxc3 5. bxc3 Nf6 6. d3 {C25: Vienna Game: Alternatives to 2...Nf6} d6 7. Nf3 {LiveBook: 5 Games} Ne7 8. h3 $146 {The position is equal.} ({Predecessor:} 8. Bg5 Ng6 9. Nh4 Nxh4 10. Bxh4 h6 11. Rb1 Rb8 12. Qf3 Be6 13. Bb3 c5 14. Bxf6 Qxf6 15. Qxf6 gxf6 {½-½ (34) Oblitas Guerrero,C (2404)-Lima,D (2550) Sao Paulo 2001}) 8... Ng6 9. Qe2 Qe7 10. Be3 h6 11. O-O Nh5 12. Kh2 Nhf4 13. Bxf4 Nxf4 14. Qe3 g5 15. Ng1 Be6 16. Bxe6 fxe6 17. g3 Ng6 {[%cal Bf4g6,Bg6h4,Bh4f3][%mdl 32]} 18. Ne2 h5 19. f4 exf4 20. gxf4 g4 21. f5 (21. e5 $11) 21... exf5 $17 22. Rxf5 Nh4 23. Rf2 Nf3+ 24. Kg2 Qh4 {[%csl Gg4][%cal Rh4h3]} 25. Ng1 {[#]} (25. Rh1 $17) 25... Rg8 $1 $36 {[%mdl 2048] Black is really pushing.} 26. Kf1 Nxg1 27. Kxg1 b6 ({Don't take} 27... gxh3+ 28. Kh1 $17) ({And not} 27... Qxh3 28. Qxh3 gxh3+ 29. Kh2 $11) 28. Rg2 O-O-O 29. hxg4 (29. Qf2 $142 g3 30. Qf5+ Kb7 31. a4) 29... Rxg4 30. Rxg4 hxg4 {[%mdl 4096] Endgame KQR-KQR} ({Not} 30... Qxg4+ 31. Kh2 $17) 31. Kg2 Rh8 32. Qg3 {and if Qxh4 works, White does fine.} Qg5 {Threatens to win with ...Rh3.} 33. Rd1 $2 (33. Rf1) 33... Rh3 34. Qf2 Rf3 35. Qe1 Qf4 36. Rd2 Rh3 {( -> ...Qf3+)} 37. Kg1 g3 (37... Qh6 $142 38. Kf1 Rh1+ 39. Ke2 Rxe1+ 40. Kxe1 g3 41. Kd1 Qh1+ 42. Ke2 g2 43. Rd1 {[#]} Qxd1+ $1 {[%mdl 512]} 44. Kxd1 g1=Q+ 45. Kd2 Qg5+ 46. Ke1 Qc1+ 47. Ke2 Qxc2+ 48. Ke3 Qc1+ 49. Ke2 Qxa3 50. Ke3 Qxc3 51. Kf4 Qxd3 52. Kf5 a5 53. Kf4 a4 54. e5 dxe5+ 55. Kg5 a3 56. Kg4 a2 57. Kh4 a1=Q 58. Kg5 Qg1+ 59. Kf6 Qgg6+ 60. Kxe5 Qgf5#) 38. Re2 Qf3 (38... Qh6 $142 39. Kg2 Rh2+ 40. Kf3 Qf6+ 41. Ke3 Qg5+ 42. Kf3 g2 43. Rxg2 Qxg2+ 44. Ke3 c5 45. Kf4 Rh7 46. Qg3 Rf7+ 47. Ke3 Qxg3+ 48. Kd2 Qg5+ 49. Kd1 Qe3 50. c4 Rf1#) 39. Rg2 Qh5 {[%csl Gh5][%cal Rh3h1]} 40. Rxg3 Rh1+ {Black mates.} 41. Kf2 Qh2+ 42. Rg2 Qh4+ {Precision: White = 30%, Black = 67%.} 0-1

[Event "10th KiiT Festival 2017"]
[Site "Bhubaneshwar"]
[Date "2017.05.31"]
[Round "8"]
[White "Singh, Neha"]
[Black "Sammed Jaykumar, Shete"]
[Result "0-1"]
[WhiteElo "1922"]
[BlackElo "2263"]
[Annotator "TA"]
[PlyCount "62"]
[EventDate "2017.05.26"]
[EventType "swiss"]
[EventCountry "IND"]
[SourceTitle "playchess.com"]
[Source "ChessBase"]
[SourceQuality "1"]

{[%evp 9,62,14,18,10,31,22,27,15,35,16,21,0,0,-16,-15,-14,-4,-37,-6,-25,22,-31,-43,-173,-172,-222,-223,-443,-368,-454,-446,-445,-437,-1426,-400,-400,-400,-400,-400,-387,-398,-405,-401,-440,-372,-426,-430,-506,-506,-627,-622,-549,-538,-1404,-1393]} 1. e4 c5 2. Nf3 Nc6 3. Bc4 e6 4. O-O a6 5. Re1 (5. c3 Nf6 6. e5 d5 7. Bb3 Nd7 8. d4 Be7 9. Re1 b5 10. Nbd2 Nb6 11. Nf1 cxd4 12. Nxd4 Nxd4 13. Qxd4 {1-0 (22) Ranola,Y (2373)-Kotanjian,T (2479) Olongapo City 2015}) 5... Be7 6. d4 {B30: Sicilian: 2...Nc6 3 Bb5, lines without ...g6} cxd4 7. Nxd4 d6 $146 ({Predecessor:} 7... Bc5 8. Nb3 Ba7 9. Nc3 Nge7 10. a4 O-O 11. Be3 Bb8 12. Qe2 d5 13. exd5 exd5 {1-0 (33) Jackman,A (1806)-Kokotovic,A Kemer 2007}) 8. Nc3 {White has an edge.} Qc7 9. Be3 Nf6 10. a4 O-O 11. Ba2 Bd7 12. f4 Rfd8 13. Qe2 Nxd4 14. Bxd4 Bc6 (14... b5 $5) 15. Rad1 {[#]} (15. Bb3 $11) 15... b5 $1 $15 {[%mdl 512]} 16. e5 (16. axb5 $15 axb5 17. Ra1) 16... dxe5 $19 17. fxe5 {[#]} Rxd4 $1 {[%mdl 512]} 18. exf6 $2 (18. Rxd4 Bc5 19. Qf2) 18... Bxf6 19. axb5 axb5 20. Bb3 Rh4 21. h3 {[#]} (21. g3 $142 Bd4+ 22. Rxd4 Rxd4 23. Nxb5 Bxb5 24. Qxb5) 21... Bd4+ (21... Rxh3 $142 $1 {[%mdl 512] ( -> ...Qh2+)} 22. gxh3 Qg3+ 23. Kf1 Qxh3+ 24. Kg1 Qh1+ 25. Kf2 Qg2+ 26. Ke3 Qg5+ 27. Kf2 Qf4+ 28. Kg1 Qg3+ 29. Kf1 Qh3+ 30. Kg1 Qh1+ 31. Kf2 Qg2+ 32. Ke3 Qg5+ 33. Kf2 Qg2+) 22. Rxd4 Rxd4 23. Nxb5 Bxb5 24. Qxb5 Rd2 {Threatens to win with ...Qg3.} 25. Qg5 Rad8 26. Qg4 Qd6 27. Rf1 Rd1 {Black is clearly winning.} 28. Qe2 Qd4+ 29. Qf2 Rxf1+ 30. Kxf1 Qxb2 31. Qe2 Qc1+ {Precision: White = 15%, Black = 52%.} 0-1

[Event "10th KiiT Festival 2017"]
[Site "Bhubaneshwar"]
[Date "2017.05.31"]
[Round "8"]
[White "Samal Ansuman"]
[Black "Sahoo, Utkal Ranjan"]
[Result "1-0"]
[WhiteElo "1803"]
[BlackElo "2256"]
[Annotator "TA"]
[PlyCount "76"]
[EventDate "2017.05.26"]
[EventType "swiss"]
[EventCountry "IND"]

{[%evp 17,76,46,43,37,44,10,39,29,39,0,0,16,16,22,14,18,22,29,14,22,29,29,22,22,12,15,12,29,46,39,62,57,60,-189,53,61,207,62,237,-304,204,-176,560,217,211,204,767,-250,262,-281,319,-348,329,-317,475,-416,1001,1010,1310,391,1303]} 1. e4 e5 2. d4 exd4 3. Qxd4 Nc6 4. Qe3 Nf6 5. Nc3 Bb4 6. Bd2 O-O 7. O-O-O Re8 8. Qg3 d6 9. f3 Ne5 {LiveBook: 20 Games} 10. h4 {C22: Centre Game} Kh8 11. Nh3 Qe7 $146 ({Predecessor:} 11... Nh5 12. Qh2 c6 13. a3 Ba5 14. Be2 Bxh3 15. Qxh3 Bxc3 16. bxc3 Nf6 17. c4 Qb6 18. f4 Ned7 19. Bd3 Nc5 20. e5 Na4 21. Bb4 dxe5 22. c5 Qc7 23. Bc4 a5 {0-1 (23) Shirov,A (2710)-Karpov,A (2780) Dos Hermanas 1995}) 12. a3 {White is slightly better.} Ba5 13. Ng5 c6 14. f4 Neg4 15. Bc4 Rf8 16. e5 dxe5 17. fxe5 Nxe5 18. Rhe1 Bc7 19. Bf4 Nh5 $1 {[%cal Bf6h5,Bh5g3,Bg3f5][%mdl 32]} 20. Bxe5 Nxg3 {[#]} 21. Bxg7+ $1 {[%mdl 512]} Kxg7 22. Rxe7 Bf4+ 23. Kb1 {[%cal Rg5f7]} Nf5 24. Re4 Bc7 25. Rf1 $2 {[#]} (25. h5 $1 $14) 25... Bd8 $2 (25... Ng3 $1 $19 26. Rfe1 Nxe4 27. Rxe4 Rb8) 26. Ref4 $36 {[%mdl 2048] Nxf7 is the strong threat. White is more active.} Bc7 (26... Nd6 $14) 27. R4f3 (27. Rxf5 $18 Bxf5 28. Rxf5) 27... b6 $2 ({Black should play} 27... h6 $1 $14) 28. Be6 $4 {[%mdl 8192]} (28. Rxf5 $18 Bxf5 29. Rxf5) 28... Ba6 $4 {[%mdl 8192]} (28... Bxe6 29. Rxf5 Bxf5 30. Rxf5) (28... fxe6 $19 29. g4 h6 30. gxf5 hxg5 31. f6+ Kg6 32. hxg5 c5) 29. Ne2 $4 {[%mdl 8192]} (29. Rxf5 $6 Bxf1 30. Rxf1 h6 $14) (29. Bxf5 $18 Bxf1 30. Rxf1) 29... b5 $4 {[%mdl 8192]} (29... Bxe2 $19 30. Bxf5 h6) 30. Nf4 $2 (30. Rxf5 f6 31. Nd4) 30... Bxf4 $18 31. Rxf4 c5 $2 (31... Nh6 32. Bxf7 Nxf7) 32. Re4 $4 {[%mdl 8192]} (32. Rxf5 $18 {and life is good for White.} f6 33. Bd5) 32... Bb7 $4 {[%mdl 8192]} (32... Ng3 $19 33. Bd5 Nxf1 34. Bxa8 Nd2+ 35. Kc1 Nxe4 36. Bxe4 h6) 33. g4 $4 {[%mdl 8192] [#]} (33. Bxf5 $18 Bxe4 34. Nxe4) 33... a5 $4 {[%mdl 8192]} (33... fxe6 $2 34. Nxe6+ Kg8 35. Ref4 $18) (33... Ng3 $1 $19 {[%cal Rg3e4]} 34. Ref4 Nxf1 35. Rxf1 fxe6 36. Nxe6+ Kg8 37. Nxf8 Rxf8) 34. b4 $4 {[%mdl 8192]} (34. Bxf5 $18 {is the narrow road to win.} Bxe4 35. Nxe4) 34... a4 $4 {[%mdl 8192]} (34... fxe6 $2 35. Nxe6+ Kh8 36. Re5 $18) (34... Nxh4 35. Ref4 $11) (34... Ng3 $19 35. Ref4 Nxf1 36. Rxf1 f6) 35. Rd1 $4 {[%mdl 8192]} (35. Bxf5 $18 Bxe4 36. Bxe4) 35... Bc8 $4 {[%mdl 8192]} (35... fxe6 36. Rxe6 Bc8 37. gxf5 $16) (35... Nxh4 36. Rf4 $11) (35... Bxe4 $19 {and all is fine.} 36. Nxe4 fxe6 37. gxf5 cxb4 38. fxe6 Rae8 39. Rd7+ Kg6) 36. Rd8 $4 {[%mdl 8192]} ({Less strong is} 36. gxf5 fxe6 37. fxe6 (37. bxc5 e5 $18) 37... h6 $18) (36. Bxf5 $18 {avoids the disaster.} h6 37. Nf3) 36... Re8 $4 {[%mdl 8192]} ({Stronger than} 36... Bxe6 37. Rxf8 Rxf8 38. gxf5 $11) (36... Rxd8 $19 37. Bxf5 h6) 37. Rxe8 Bb7 38. h5 $2 (38. Rxa8 {Black must now prevent Ra7.} Bxa8 39. Bxf5) 38... h6 $2 {Precision: White = 22%, Black = 19%.} (38... Rxe8 39. Bxf5 Bxe4 40. Nxe4 cxb4 41. axb4 Rg8) 1-0

[Event "10th KiiT Festival 2017"]
[Site "Bhubaneshwar"]
[Date "2017.05.31"]
[Round "8"]
[White "Anantha krishna Nayak M"]
[Black "Arun Prasad Raja V"]
[Result "1-0"]
[WhiteElo "1267"]
[BlackElo "1407"]
[Annotator "NA RC"]
[PlyCount "85"]
[EventDate "2017.05.26"]
[EventType "swiss"]
[EventCountry "IND"]
[SourceTitle "playchess.com"]
[Source "ChessBase"]
[SourceQuality "1"]
[TimeControl "40/5400+30:1800+30"]

1. d4 Nf6 2. c4 g6 3. Nc3 Bg7 4. e4 d6 5. Be2 O-O 6. Nf3 e5 7. d5 a5 8. Be3 Na6 9. Nd2 Bd7 10. g4 Ne8 11. g5 f5 12. gxf6 Nxf6 13. Rg1 c6 14. h4 cxd5 15. cxd5 b5 16. Bxb5 Bxb5 17. Nxb5 Rb8 18. a4 Nc5 19. Bxc5 dxc5 20. Qe2 Nh5 21. Qg4 Kh8 22. O-O-O Rf4 23. Qe2 Qxh4 24. f3 Rff8 25. Kb1 Nf4 26. Qc4 Qf2 27. Rge1 h5 28. d6 Bf6 29. d7 Kg7 30. Nb3 Ng2 31. Re2 Qxf3 32. Nxc5 Rb6 33. Nc7 Nf4 34. Red2 Bd8 35. Rf1 Qxf1+ 36. Qxf1 Bxc7 37. Qc4 Bd8 38. Qc3 Rc6 39. Qxe5+ Bf6 40. Qxf4 Rxc5 41. d8=Q Rxd8 42. Rxd8 Bxd8 43. Qd6 1-0

[Event "10th KiiT Festival 2017"]
[Site "Bhubaneshwar"]
[Date "2017.06.01"]
[Round "9"]
[White "Amonatov, Farrukh"]
[Black "Debashis, Das"]
[Result "0-1"]
[WhiteElo "2632"]
[BlackElo "2496"]
[Annotator "TA"]
[PlyCount "74"]
[EventDate "2017.05.26"]
[EventType "swiss"]
[EventCountry "IND"]
[SourceTitle "playchess.com"]
[Source "ChessBase"]
[SourceQuality "1"]

{[%evp 13,74,26,33,27,29,16,20,12,43,20,33,29,18,14,6,0,91,-123,-104,-108,-122,-171,-163,-173,-195,-164,-184,-176,-185,-170,-153,-222,-177,-596,-563,-575,-552,-571,-567,-872,-870,-863,-853,-810,-671,-788,-788,-748,-752,-816,-815,-862,-857,-838,-835,-1222,-724,-721,-695,-683,-657,-5318,-5318]} 1. e4 c5 2. Nf3 d6 3. d4 cxd4 4. Nxd4 Nf6 5. Nc3 a6 6. h3 g6 7. g4 Bg7 8. Be3 {B90: Sicilian Najdorf: Unusual White 6th moves, 6 Be3 Ng4 and 6 Be3 e5} O-O 9. Qd2 b5 10. O-O-O {The position is equal.} Bb7 (10... b4 $5 {[%cal Rb4c3]} 11. Nd5 Nxd5 12. exd5 Bb7 $11) 11. f3 $1 Nbd7 12. h4 {[%cal Bh3h4,Bh4h5][%mdl 32]} Rc8 13. h5 {Black should prevent hxg6.} b4 $1 $36 {[%cal Rb4c3][%mdl 2048] White is under pressure.} 14. Nce2 {[#] hxg6 is the strong threat.} e5 $146 (14... Nxe4 $11 {remains equal.} 15. fxe4 (15. Qxb4 Qc7 $17) 15... Bxe4) ({Predecessor:} 14... Nxe4 15. fxe4 Bxe4 {½-½ (38) Hovhannisyan,R (2631)-Andriasian,Z (2621) Yerevan 2017}) 15. Nb3 $2 {[#]} (15. hxg6 $16 {keeps the pressure on. aiming for Nf5.} hxg6 16. Bh6 Nxe4 17. fxe4 exd4 18. Bxg7 (18. Nxd4 Qf6 $11) 18... Kxg7 19. Bg2 (19. Nxd4 Rh8 $14) (19. Qh6+ Kf6 $16)) 15... Nxe4 $1 $17 {[%mdl 512]} 16. fxe4 Bxe4 {And now ...Qc7 would win.} 17. Rg1 Rxc2+ ({Don't do} 17... Bxc2 18. Qxc2 Rxc2+ 19. Kxc2 $15) 18. Qxc2 Bxc2 19. Kxc2 a5 {[%cal Ba6a5,Ba5a4][%mdl 32]} ({Don't take} 19... Qc7+ 20. Kb1 $17) 20. Kb1 a4 21. Nbc1 Qc7 22. Nd3 (22. g5 $17 {keeps fighting.}) 22... b3 $19 {[%cal Bb4b3,Bb3a2][%mdl 32] White must now prevent ...Qc2+.} 23. Rc1 $2 (23. Nc3 {was the crucial defense.}) 23... bxa2+ {Black is clearly winning.} 24. Ka1 Qa5 25. h6 Bh8 26. Nc3 {[#]} e4 $1 27. Nxe4 a3 28. Rg2 Re8 29. Nxd6 Rxe3 30. Nc4 axb2+ 31. Ndxb2 Qc7 32. Rd1 Re8 33. Nd6 Rb8 34. Bb5 Rxb5 35. Nxb5 Qc6 36. Re2 Qxb5 37. Rxd7 Qxd7 {Precision: White = 43%, Black = 78%.} 0-1

[Event "10th KiiT Festival 2017"]
[Site "Bhubaneshwar"]
[Date "2017.06.01"]
[Round "9"]
[White "Amonatov, Farrukh"]
[Black "Debashis, Das"]
[Result "*"]
[WhiteElo "2632"]
[BlackElo "2496"]
[Annotator "TA"]
[PlyCount "28"]
[EventDate "2017.05.26"]
[EventType "swiss"]
[EventCountry "IND"]
[SourceTitle "playchess.com"]
[Source "ChessBase"]
[SourceQuality "1"]

{[%evp 13,22,35,21,29,37,13,6,12,53,7,38]} 1. e4 c5 2. Nf3 d6 3. d4 cxd4 4. Nxd4 Nf6 5. Nc3 a6 6. h3 g6 7. g4 Bg7 8. Be3 {B90: Sicilian Najdorf: Unusual White 6th moves, 6 Be3 Ng4 and 6 Be3 e5} O-O 9. Qd2 b5 10. O-O-O Bb7 11. f3 $1 Nbd7 {Predecessor:} 12. Bh6 $146 Bxh6 13. Qxh6 e5 14. Nde2 b4 {0-1 (22) Pletnev,E (2301)-Korobov,A (2565) Pardubice 2004} *

[Event "10th KiiT Festival 2017"]
[Site "Bhubaneshwar"]
[Date "2017.06.01"]
[Round "9"]
[White "Ghosh, Diptayan"]
[Black "Krishna C R G"]
[Result "1-0"]
[WhiteElo "2569"]
[BlackElo "2392"]
[Annotator "TA"]
[PlyCount "80"]
[EventDate "2017.05.26"]
[EventType "swiss"]
[EventCountry "IND"]
[SourceTitle "playchess.com"]
[Source "ChessBase"]
[SourceQuality "1"]

{[%evp 9,80,15,17,8,11,13,3,10,18,13,20,29,38,33,44,28,37,37,43,49,65,46,51,44,48,32,37,5,37,22,37,23,31,31,41,40,43,25,56,65,146,139,133,144,152,141,162,150,164,159,300,258,285,241,234,248,230,217,219,214,422,426,409,390,454,454,481,465,583,579,663,569,566]} 1. Nf3 d5 2. g3 c6 3. Bg2 Bg4 4. O-O Nd7 5. d3 e6 {LiveBook: 492 Games} 6. h3 {A07: Réti Opening: New York and Capablanca Systems} Bxf3 7. Bxf3 Bd6 8. e4 {The position is equal.} Ne7 9. d4 dxe4 10. Bxe4 O-O $146 ({Predecessor:} 10... Nf6 11. Bd3 h5 12. h4 Bc7 {½-½ (49) Vachier Lagrave,M (2758)-Dubov,D (2661) Skopje 2015}) 11. Nd2 h6 12. Bg2 Bc7 13. Re1 Nf5 14. c3 Qf6 15. Qg4 Rfe8 16. Ne4 Qe7 17. Qf3 a5 18. a4 Rab8 19. b3 $36 {[%mdl 2048] White is pushing.} b5 20. axb5 cxb5 21. Rd1 Bb6 22. Bb2 Rec8 23. Bf1 {[%cal Bg2f1,Bf1d3,Bd3e4][%mdl 32]} Bc7 24. Bd3 Qe8 ({Black should play} 24... Nd6 $14) 25. Qe2 $1 $16 Nf8 26. Nc5 Qc6 27. Be4 Qb6 {[#]} 28. b4 $1 a4 29. d5 {aiming for dxe6.} Bd6 (29... Re8 $16) 30. dxe6 $18 fxe6 31. Bxf5 exf5 {[#]} 32. Nd7 $1 {[%cal Rd7b6][%mdl 512]} Qc6 (32... Nxd7 33. Qe6+) 33. Nxb8 Bxb8 34. Qd3 Qg6 $2 (34... f4 {was worth a try.} 35. Qd5+ Ne6) 35. Qxb5 Ne6 {Black hopes to continue with ...Bxg3.} 36. Qd3 Nf4 37. Qf1 {White is clearly winning.} Kh7 38. c4 Nh5 39. Ra3 Qb6 40. Qd3 Nxg3 {Precision: White = 69%, Black = 36%.} 1-0

[Event "10th KiiT Festival 2017"]
[Site "Bhubaneshwar"]
[Date "2017.06.01"]
[Round "9"]
[White "Rahman, Ziaur"]
[Black "Krishna, Teja N"]
[Result "1-0"]
[WhiteElo "2526"]
[BlackElo "2406"]
[Annotator "TA"]
[PlyCount "55"]
[EventDate "2017.05.26"]
[EventType "swiss"]
[EventCountry "IND"]
[SourceTitle "playchess.com"]
[Source "ChessBase"]
[SourceQuality "1"]

{[%evp 12,55,0,0,62,46,50,47,89,96,90,91,95,92,97,96,84,72,162,165,179,168,210,206,221,215,225,220,239,177,178,181,245,228,265,259,260,257,331,299,299,299,295,292,355,355]} 1. c4 c5 2. g3 g6 3. Bg2 Bg7 4. Nc3 Nc6 5. Nf3 e5 6. O-O Nge7 {[%cal Bg8e7,Be7d5,Bd5c3,Bc3d1][%mdl 32]} 7. a3 d5 {A37: Symmetrical English vs ...g6: 4 Bg2 Bg7 5 Nf3} ({Black should play} 7... d6 $11) (7... O-O 8. Ne1 a5 9. Nc2 d6 10. d3 Be6 11. Nd5 Rb8 12. Nxe7+ Nxe7 13. b4 axb4 14. axb4 cxb4 15. Nxb4 {½-½ (28) Karjakin,S (2785)-Vachier Lagrave,M (2804) Doha 2016}) 8. cxd5 $14 Nxd5 {[#]} 9. Nxe5 $146 {[%mdl 512]} ({Predecessor:} 9. d3 Qd7 10. Be3 b6 11. Rc1 Bb7 12. Qa4 O-O 13. b4 cxb4 14. axb4 Rfd8 15. Qb3 {½-½ (15) Jorgensen,J (2242)-Gneiss,K (2134) Dresden 2013}) 9... Nxc3 {White is slightly better.} (9... Nxe5 10. Nxd5) 10. Nxc6 Nxd1 11. Nxd8 Nxb2 12. Nxb7 Bxb7 13. Bxb7 Rb8 14. Bd5 Nd3 (14... O-O $16 {is a better defense.}) 15. Ra2 $18 Nxc1 16. Rxc1 Bf8 17. Rc4 Rb6 18. Ra4 a6 19. Bc4 Bd6 20. Rxa6 Rxa6 21. Bxa6 {[%mdl 4096] Endgame KRB-KRB} Kd7 (21... Ke7 $142 22. a4 Bc7) 22. Bc4 f6 23. a4 {[%cal Ba3a4,Ba4a5,Ba5a6][%mdl 32]} Rb8 24. a5 Rb1+ 25. Kg2 Bb8 26. a6 Ba7 27. h4 Kd6 28. Bg8 {Precision: White = 95%, Black = 33%.} 1-0

[Event "10th KiiT Festival 2017"]
[Site "Bhubaneshwar"]
[Date "2017.06.01"]
[Round "9"]
[White "Deviatkin, Andrei"]
[Black "Ziatdinov, Raset"]
[Result "1-0"]
[WhiteElo "2481"]
[BlackElo "2291"]
[Annotator "TA"]
[PlyCount "65"]
[EventDate "2017.05.26"]
[EventType "swiss"]
[EventCountry "IND"]
[SourceTitle "playchess.com"]
[Source "ChessBase"]
[SourceQuality "1"]

{[%evp 15,65,12,23,0,81,29,34,32,58,47,73,72,298,310,371,403,432,437,438,435,427,443,443,443,430,429,485,485,524,523,560,574,586,580,544,528,542,445,445,445,445,445,445,445,436,436,585,584,565,436,448,429]} 1. e4 e5 2. Nf3 Nc6 3. Bb5 a6 4. Bxc6 dxc6 5. O-O Bd6 6. d4 exd4 7. Qxd4 f6 8. Nbd2 Be6 9. Qc3 {C68: Ruy Lopez: Exchange Variation, sidelines} (9. b3 Qe7 10. Nc4 Bc5 11. Qd3 Qd7 12. Qxd7+ Bxd7 13. Be3 Be7 14. Nd4 O-O-O 15. Rad1 Re8 16. f3 Bf8 17. Bf2 {½-½ (44) Nisipeanu,L (2683)-Carlsen,M (2850) Reykjavik 2015}) 9... a5 $146 (9... Qe7 $11) ({Predecessor:} 9... Ne7 10. Nc4 Bxc4 11. Qxc4 Qd7 12. Be3 Ng6 13. a4 Qf7 14. Qxf7+ Kxf7 15. a5 Rhe8 16. Ra4 Ne5 {½-½ (38) Garrido Dominguez,J (2421)-Twyble,M (2271) England 2010}) 10. a3 (10. Nd4 $16 Qd7 11. Nxe6 Qxe6 12. Qb3 Qxb3 13. axb3) 10... Ne7 $11 11. Nc4 {White is slightly better.} b6 12. Be3 c5 13. Rad1 Nc8 $2 (13... O-O $16 {is a better defense.}) 14. e5 $18 fxe5 15. Bg5 Ne7 16. Nfxe5 {White is clearly winning.} O-O 17. Nxd6 cxd6 {[#]} 18. Nc6 $1 {[%mdl 512]} Nxc6 19. Bxd8 Raxd8 20. Rfe1 Bf7 21. Qg3 Ne5 22. a4 Nc4 23. b3 Ne5 24. h3 Bg6 25. Rd2 Rf5 26. Rxe5 Rxe5 {[#]} 27. Qxe5 $1 {[%mdl 512]} dxe5 28. Rxd8+ {KR-KB} Kf7 29. Rd6 Bxc2 30. Rxb6 c4 31. bxc4 Bxa4 32. Ra6 Bb3 33. Rxa5 {Precision: White = 78%, Black = 32%.} 1-0

[Event "10th KiiT Festival 2017"]
[Site "Bhubaneshwar"]
[Date "2017.06.01"]
[Round "9"]
[White "Grover, Sahaj"]
[Black "Das, Sayantan"]
[Result "1-0"]
[WhiteElo "2478"]
[BlackElo "2396"]
[Annotator "TA"]
[PlyCount "55"]
[EventDate "2017.05.26"]
[EventType "swiss"]
[EventCountry "IND"]
[SourceTitle "playchess.com"]
[Source "ChessBase"]
[SourceQuality "1"]

{[%evp 12,55,11,8,33,21,25,-16,16,0,14,7,19,34,65,46,123,127,179,161,210,204,200,189,322,234,414,421,404,393,1544,1495,1292,337,29977,29978,29976,29977,1919,5314,5314,5314,5310,5310,29987,29988]} 1. e4 c5 2. Nf3 d6 3. d4 cxd4 4. Qxd4 e5 5. Bb5+ Nd7 6. Qd3 a6 {B51: Sicilian: Moscow Variation (3 Bb5+) without 3...Bd7} 7. Bxd7+ {LiveBook: 32 Games} Qxd7 (7... Bxd7 8. c4 Rc8 9. O-O b5 10. Na3 Qb6 11. Rd1 Qb7 12. Bg5 h6 13. Bh4 g5 14. Bg3 {½-½ (27) Ponomariov,R (2723)-Volokitin,A (2695) San Sebastian 2012}) 8. Nc3 Qc6 {The position is equal.} 9. Nd5 $146 ({Predecessor:} 9. Nd2 Be6 10. Nf1 Bc4 11. Qf3 Rc8 12. Ne3 h6 13. Bd2 Nf6 14. b3 Be6 15. O-O Be7 {0-1 (54) Okkes,M (2352)-Hort,V (2546) Hoogeveen 2003}) 9... Be6 10. c4 b5 11. Nd2 Ne7 {And now ...bxc4 would win.} 12. b3 $36 {[%mdl 2048] White is more active.} Ng6 13. O-O (13. a4 $5 {[%cal Ra4b5]} bxc4 14. Nxc4 $14) 13... Rc8 (13... Be7 $14) 14. a4 $16 {[%cal Ra4b5]} bxc4 (14... Nf4 $16 {was worth a try.} 15. Nxf4 (15. axb5 Nxd3 16. bxc6 Rxc6 $14) 15... bxc4 16. Nxc4 exf4) 15. Nxc4 $18 Bxd5 16. exd5 Qb7 17. f4 Rc5 (17... Rd8 $142 18. Kh1 Rd7) 18. Rd1 Nxf4 $2 (18... Be7) 19. Bxf4 exf4 {[#]} 20. b4 $1 {[%mdl 512]} Qxb4 $2 (20... Rxc4 21. Qxc4 Be7) 21. Qe4+ Kd8 22. Rab1 $2 (22. Re1 Kc7 23. Qe8 Rxc4 24. Rab1 Qxe1+ 25. Rxe1) 22... Qxa4 $2 ({But not} 22... Qxc4 $2 23. Rb8+ Rc8 24. Qxc4 $18) (22... Rxc4 $18 23. Rxb4 Rxe4 24. Rxe4 g5) 23. Rb8+ Kc7 {[#]} 24. Rc8+ $3 {[%mdl 512]} Kb7 (24... Kxc8 25. Nb6+) 25. Rb1+ Rb5 {[#]} 26. Rxf8 $1 {[%cal Re4e7][%mdl 512]} Qxc4 (26... Rxf8 27. Qe7+) 27. Rxf7+ Kb6 28. Qxc4 {Precision: White = 67%, Black = 14%.} 1-0